000 00269nam a22001217a 4500
008 170905b xxu||||| |||| 00| 0 eng d
041 _aalb
080 _a579
100 _a11
101 _aMB
245 _aMIKROBIOLOGJI E PËRGJITHSHME
_cPLAKOLLI,M
942 _2udc
_cBK
999 _c26115
_d26115